| 000 | 00541nam a2200169 i 4500 | ||
|---|---|---|---|
| 001 | 39560 | ||
| 003 | ES-MaACL | ||
| 005 | 20230906160028.0 | ||
| 007 | t| | ||
| 008 | 030303s1935 sp ||||1| spa d | ||
| 100 | 1 |
_aCanalejas Fustegueras, Leonor. _934384 |
|
| 245 | 1 | 3 |
_aLa vida _b: (historia novelada) / _cLeonor Canalejas y Fustegueras ; con un prólogo de Alfredo Pallardó. |
| 260 |
_aBarcelona : _b[s.n., _c1935] ( _fTip. Emporium) |
||
| 300 |
_a200 p. ; _c19 cm. |
||
| 700 | 1 |
_aPallardó, Alfredo. _988567 |
|
| 852 |
_aES-MaACL _jA-4389 |
||
| 999 |
_c39560 _d39560 |
||